| 000 | 01324nam a2200325Ia 4500 | ||
|---|---|---|---|
| 001 | ebr10422653 | ||
| 003 | CaPaEBR | ||
| 006 | m u | ||
| 007 | cr cn||||||||| | ||
| 008 | 090515s2009 enka sb 001 0 eng d | ||
| 020 | _z9781848164451 (cased) | ||
| 020 | _z1848164459 (cased) | ||
| 040 |
_aCaPaEBR _cCaPaEBR |
||
| 035 | _a(OCoLC)698587467 | ||
| 050 | 1 | 4 |
_aQA402.5 _b.L37 2009eb |
| 082 | 0 | 4 |
_a330.0151 _222 |
| 100 | 1 |
_aLasserre, Jean-Bernard, _d1953- |
|
| 245 | 1 | 0 |
_aMoments, positive polynomials and their applications _h[electronic resource] / _cJean-Bernard Lasserre. |
| 260 |
_aLondon : _bImperial College Press, _c2009. |
||
| 300 |
_axxi, 361 p. : _bill. |
||
| 490 | 1 |
_aImperial College Press optimization series, _x2041-1677 ; _v1 |
|
| 504 | _aIncludes bibliographical references and index. | ||
| 533 |
_aElectronic reproduction. _bPalo Alto, Calif. : _cebrary, _d2011. _nAvailable via World Wide Web. _nAccess may be limited to ebrary affiliated libraries. |
||
| 650 | 0 | _aMoments method (Statistics) | |
| 650 | 0 | _aPolynomials. | |
| 655 | 7 |
_aElectronic books. _2local |
|
| 710 | 2 | _aebrary, Inc. | |
| 830 | 0 |
_aImperial College Press optimization series ; _v1. |
|
| 856 | 4 | 0 |
_uhttp://site.ebrary.com/lib/rucke/Doc?id=10422653 _zAn electronic book accessible through the World Wide Web; click to view |
| 999 |
_c238193 _d238193 |
||